[Event "42nd Olympiad 2016"]
[Site "Baku AZE"]
[Date "2016.09.10"]
[Round "8.2"]
[Board "1"]
[White "Jobava, Baadur"]
[Black "Ponomariov, Ruslan"]
[Result "1-0"]
[WhiteTitle "GM"]
[BlackTitle "GM"]
[WhiteElo "2665"]
[BlackElo "2709"]
[WhiteTeam "Georgia"]
[BlackTeam "Ukraine"]
[WhiteFideId "13601520"]
[BlackFideId "14103320"]
[EventDate "2016.09.02"]

1. d4 Nf6 2. Nc3 d5 3. Bf4 c5 4. e3 cxd4 5. exd4 a6 6. Bd3 Nc6 7. Nge2 e6 8. Qd2
b5 9. O-O Be7 10. a3 Bd7 11. h3 O-O 12. Rfe1 Na5 13. Rad1 Qb6 14. Ng3 Rfc8 15.
Nf5 exf5 16. Rxe7 Be6 17. Bh6 gxh6 18. Qxh6 Rxc3 19. Qg5+ Kf8 20. Qxf6 Rxd3 21.
cxd3 1-0

[Event "42nd Olympiad 2016"]
[Site "Baku AZE"]
[Date "2016.09.10"]
[Round "8.2"]
[Board "2"]
[White "Kryvoruchko, Yuriy"]
[Black "Mchedlishvili, Mikheil"]
[Result "1-0"]
[WhiteTitle "GM"]
[BlackTitle "GM"]
[WhiteElo "2693"]
[BlackElo "2609"]
[WhiteTeam "Ukraine"]
[BlackTeam "Georgia"]
[WhiteFideId "14109182"]
[BlackFideId "13600966"]
[EventDate "2016.09.02"]

1. e4 d6 2. d4 Nf6 3. Nc3 e5 4. Nf3 Nbd7 5. Bc4 Be7 6. a4 O-O 7. O-O a5 8. Re1
b6 9. Bg5 Bb7 10. Qd2 h6 11. Bxf6 Bxf6 12. Rad1 Re8 13. Nd5 Be7 14. Qc3 c6 15.
Ne3 exd4 16. Qxd4 Bf8 17. Nf5 c5 18. Qd3 Ne5 19. Nxe5 Rxe5 20. f4 Re8 21. e5
dxe5 22. Nxh6+ gxh6 23. Qg6+ Kh8 24. Bxf7 Bg7 25. Rxd8 Rexd8 26. f5 Rd2 27. Qxb6
Rxg2+ 28. Kf1 Bf3 29. Bh5 e4 30. Bxf3 exf3 31. Qc6 Rf8 32. Re8 1-0

[Event "42nd Olympiad 2016"]
[Site "Baku AZE"]
[Date "2016.09.10"]
[Round "8.2"]
[Board "3"]
[White "Pantsulaia, Levan"]
[Black "Korobov, Anton"]
[Result "0-1"]
[WhiteTitle "GM"]
[BlackTitle "GM"]
[WhiteElo "2601"]
[BlackElo "2675"]
[WhiteTeam "Georgia"]
[BlackTeam "Ukraine"]
[WhiteFideId "13602071"]
[BlackFideId "14105730"]
[EventDate "2016.09.02"]

1. Nf3 d5 2. g3 c5 3. c4 d4 4. b4 cxb4 5. a3 bxa3 6. Bg2 Nc6 7. Bxa3 Nf6 8. d3
e5 9. Bxf8 Kxf8 10. Nbd2 h6 11. O-O g6 12. Qa4 Kg7 13. Rfb1 Re8 14. Ne1 Qc7 15.
Qb5 Re7 16. Qc5 Bd7 17. Rxa7 Rxa7 18. Bxc6 Bxc6 19. Qxa7 e4 20. Nb3 exd3 21.
Nxd3 Rxe2 22. Nxd4 Qd7 23. Qa1 Rd2 24. Nxc6 Qxd3 25. Ne5 Qf5 26. Rf1 Re2 27. f4
Qe4 28. Nf3 Qxc4 29. Qd4 Qc6 30. Rf2 Re4 31. Qb2 Re3 32. Nd2 Kh7 33. Nf1 Rc3 34.
Qb4 Ng4 35. Qe7 Kg7 36. Rd2 Rc2 37. Qe2 Rxd2 38. Qxd2 b5 39. Qd4+ Nf6 40. Kf2
Kh7 41. Ne3 h5 42. Qa7 Ne4+ 43. Ke2 Qe6 44. Qd4 Qa2+ 45. Kd1 Nf2+ 46. Kc1 Ng4
47. Nxg4 hxg4 48. Qd7 b4 49. f5 Qc4+ 50. Kb2 Qc3+ 51. Kb1 Qe1+ 52. Ka2 Qf2+ 53.
Kb3 Qxf5 54. Qd4 Qb1+ 55. Ka4 b3 56. Qc4 Qf5 57. Ka3 Qe6 58. Qf4 Kg7 59. Qd4+ f6
60. Qa7+ Kh6 61. Qd4 g5 62. Qd8 Kg6 63. Kb2 f5 64. Qb8 f4 65. gxf4 gxf4 66. Ka3
f3 67. Qf8 b2 0-1

[Event "42nd Olympiad 2016"]
[Site "Baku AZE"]
[Date "2016.09.10"]
[Round "8.2"]
[Board "4"]
[White "Volokitin, Andrei"]
[Black "Gelashvili, Tamaz"]
[Result "1-0"]
[WhiteTitle "GM"]
[BlackTitle "GM"]
[WhiteElo "2647"]
[BlackElo "2575"]
[WhiteTeam "Ukraine"]
[BlackTeam "Georgia"]
[WhiteFideId "14107090"]
[BlackFideId "13600702"]
[EventDate "2016.09.02"]

1. e4 c6 2. d4 d5 3. e5 Bf5 4. Nf3 e6 5. Be2 Nd7 6. O-O Nh6 7. Nbd2 Be7 8. Nb3
O-O 9. c3 Bg6 10. Bxh6 gxh6 11. Qd2 h5 12. g3 c5 13. Rae1 c4 14. Nc1 b5 15. h4
b4 16. Ng5 bxc3 17. bxc3 Bxg5 18. hxg5 h6 19. gxh6 f6 20. exf6 Nxf6 21. Bf3 Qd6
22. Qg5 Kh7 23. Ne2 Rg8 24. Qxf6 Raf8 25. Qh4 Rxf3 26. Nf4 Rxf4 27. Qxf4 Qxf4
28. gxf4 Bd3+ 29. Kh2 Bxf1 30. Rxf1 Rg4 31. Re1 Rxf4 32. Rxe6 Rf3 33. Ra6 Rxc3
34. Rxa7+ Kxh6 35. Rd7 Kg5 36. Rxd5+ Kf4 37. Rxh5 Ke4 38. Kg2 Rc1 39. Rh4+ Kd5
40. Kf3 Re1 41. Rh8 c3 42. Rd8+ Kc4 43. d5 Re5 44. d6 Kd3 45. Rc8 Rd5 46. Rc6 c2
47. Kf4 Rd4+ 48. Kf5 Rd5+ 49. Ke6 Rh5 50. d7 Rh6+ 51. Kf7 Rh7+ 52. Ke8 Rh8+ 53.
Ke7 Rh7+ 54. Kd8 Rh6 55. Rxc2 Kxc2 56. Kc7 1-0

[Event "42nd Olympiad 2016"]
[Site "Baku AZE"]
[Date "2016.09.10"]
[Round "8.3"]
[Board "1"]
[White "Adams, Michael"]
[Black "Harikrishna, Pentala"]
[Result "1/2-1/2"]
[WhiteTitle "GM"]
[BlackTitle "GM"]
[WhiteElo "2738"]
[BlackElo "2752"]
[WhiteTeam "England"]
[BlackTeam "India"]
[WhiteFideId "400041"]
[BlackFideId "5007003"]
[EventDate "2016.09.02"]

1. e4 c5 2. Nf3 Nc6 3. Bb5 g6 4. Bxc6 bxc6 5. O-O Bg7 6. Re1 Nh6 7. c3 O-O 8. h3
d5 9. d3 c4 10. d4 dxe4 11. Rxe4 Nf5 12. Nbd2 Be6 13. Rxe6 fxe6 14. Qe2 e5 15.
Nxe5 Bxe5 16. Qxe5 Qd5 17. Qe2 Nd6 18. b3 cxb3 19. axb3 e5 20. Ba3 Rfe8 21. Bxd6
exd4 22. Qc4 dxc3 23. Nf3 Qxc4 24. bxc4 Re4 25. Rc1 Rxc4 26. Ne5 Rd4 27. Bc7 a5
28. Rxc3 a4 29. Nc4 Rd1+ 30. Kh2 Rb1 31. Bd6 Rb3 32. Rc2 a3 33. Nxa3 Rbxa3 34.
Bxa3 Rxa3 35. Rxc6 Ra7 36. g4 Kg7 37. h4 h6 38. Rc5 Kf6 39. Kg3 g5 40. Rc6+ Kg7
41. h5 Ra3+ 42. Kg2 Ra4 43. Kf3 Rf4+ 44. Kg3 Ra4 45. Rc7+ Kg8 46. Rc2 Kg7 47. f3
Ra3 48. Kf2 Kg8 49. Ke2 Kg7 50. Rd2 Kg8 51. Rd7 Rb3 52. Rd3 Rxd3 53. Kxd3 Kf7
54. Kd4 Kf6 55. Kd5 Kf7 56. Ke5 Ke7 57. Kf5 Kf7 58. Ke5 1/2-1/2

[Event "42nd Olympiad 2016"]
[Site "Baku AZE"]
[Date "2016.09.10"]
[Round "8.3"]
[Board "2"]
[White "Adhiban, Baskaran"]
[Black "Howell, David W L"]
[Result "1/2-1/2"]
[WhiteTitle "GM"]
[BlackTitle "GM"]
[WhiteElo "2671"]
[BlackElo "2665"]
[WhiteTeam "India"]
[BlackTeam "England"]
[WhiteFideId "5018471"]
[BlackFideId "410608"]
[EventDate "2016.09.02"]

1. Nf3 Nf6 2. c4 c5 3. d4 cxd4 4. Nxd4 Nc6 5. g3 e5 6. Nb5 Bb4+ 7. N1c3 d6 8. a3
Bxc3+ 9. Nxc3 Be6 10. Bg5 Bxc4 11. Rc1 O-O 12. Bg2 Be6 13. O-O h6 14. Bxf6 Qxf6
15. Bxc6 bxc6 16. Qxd6 a5 17. Qxc6 Rab8 18. Ne4 Qg6 19. Nc5 Rxb2 20. Nxe6 Qxe6
21. Qxe6 fxe6 22. Rfe1 Rd8 23. Rc6 Kf7 24. Ra6 Rd5 25. e3 e4 26. Rc6 Rdd2 27.
Rf1 Ra2 28. Rc4 Rxa3 29. Rxe4 Raa2 30. Rf4+ Ke7 31. Rb1 Rdb2 32. Rc1 Rc2 33. Rb1
Rcb2 34. Rc1 Rc2 35. Rb1 Rcb2 1/2-1/2

[Event "42nd Olympiad 2016"]
[Site "Baku AZE"]
[Date "2016.09.10"]
[Round "8.3"]
[Board "3"]
[White "Jones, Gawain C B"]
[Black "Vidit, Santosh Gujrathi"]
[Result "1/2-1/2"]
[WhiteTitle "GM"]
[BlackTitle "GM"]
[WhiteElo "2635"]
[BlackElo "2669"]
[WhiteTeam "England"]
[BlackTeam "India"]
[WhiteFideId "409561"]
[BlackFideId "5029465"]
[EventDate "2016.09.02"]

1. c4 e5 2. Nc3 Nf6 3. g3 d5 4. cxd5 Nxd5 5. Bg2 Nb6 6. Nf3 Nc6 7. O-O Be7 8.
Rb1 a5 9. d3 O-O 10. Be3 Be6 11. d4 exd4 12. Nxd4 Nxd4 13. Bxd4 c6 14. f4 Re8
15. f5 Bc4 16. b3 Ba6 17. f6 Bxf6 18. Rxf6 gxf6 19. e3 c5 20. Qg4+ Kh8 21. Bxc5
Qc8 22. Qd4 Nd7 23. Ba3 Ne5 24. Nd5 Qf5 25. e4 Qg5 26. Be7 Rxe7 27. Nxe7 h5 28.
Nf5 h4 29. Qe3 Qxe3+ 30. Nxe3 hxg3 31. hxg3 Rc8 32. Bf1 Nf3+ 33. Kg2 Nd2 34. Rb2
Nxf1 35. Nxf1 Bd3 36. Nd2 Rc3 37. a4 Kg7 38. Kf2 Bc2 39. b4 Bxa4 40. bxa5 Bc6
41. Rb6 Rd3 42. Ke2 Ra3 43. Nc4 Ra4 44. Nd6 Bxe4 45. Nxe4 Rxe4+ 46. Kf3 Re5 47.
Rxb7 1/2-1/2

[Event "42nd Olympiad 2016"]
[Site "Baku AZE"]
[Date "2016.09.10"]
[Round "8.3"]
[Board "4"]
[White "Sethuraman, S.P."]
[Black "Short, Nigel D"]
[Result "1-0"]
[WhiteTitle "GM"]
[BlackTitle "GM"]
[WhiteElo "2640"]
[BlackElo "2666"]
[WhiteTeam "India"]
[BlackTeam "England"]
[WhiteFideId "5021596"]
[BlackFideId "400025"]
[EventDate "2016.09.02"]

1. e4 e5 2. Nf3 Nc6 3. d4 exd4 4. Nxd4 Qf6 5. Nxc6 Bc5 6. Qf3 bxc6 7. Nd2 h5 8.
Nb3 Be7 9. Bc4 d6 10. Be3 Bg4 11. Qg3 d5 12. e5 Qg6 13. Bd3 h4 14. Qf4 Qh5 15.
e6 Bxe6 16. Qxc7 Rc8 17. Qxa7 Bd6 18. f3 Nf6 19. O-O-O O-O 20. g4 Qh8 21. Kb1
Ra8 22. Qd4 Nd7 23. Bf5 c5 24. Qd2 g6 25. Bxe6 fxe6 26. Qe2 Qe5 27. Rhe1 Rf7 28.
f4 Qe4 29. Bc1 Qa4 30. a3 Nf8 31. f5 c4 32. fxe6 Rb7 33. e7 Bxe7 34. Qf3 cxb3
35. Qxd5+ Kh8 36. cxb3 Qa6 37. g5 Kg7 38. Bf4 Bxa3 39. Be5+ Kh7 40. Re4 Ne6 41.
Rxh4+ 1-0

[Event "42nd Olympiad 2016"]
[Site "Baku AZE"]
[Date "2016.09.10"]
[Round "8.4"]
[Board "3"]
[White "Mamedov, Rauf"]
[Black "Neiksans, Arturs"]
[Result "1/2-1/2"]
[WhiteTitle "GM"]
[BlackTitle "GM"]
[WhiteElo "2666"]
[BlackElo "2628"]
[WhiteTeam "Azerbaijan 1"]
[BlackTeam "Latvia"]
[WhiteFideId "13401653"]
[BlackFideId "11601388"]
[EventDate "2016.09.02"]

1. e4 c5 2. Nf3 e6 3. d4 cxd4 4. Nxd4 Nc6 5. Nc3 Qc7 6. Be3 a6 7. Qf3 Bd6 8.
O-O-O Be5 9. g3 Nge7 10. Qe2 O-O 11. f4 Bxd4 12. Bxd4 Nxd4 13. Rxd4 e5 14. Qc4
Qb8 15. Rd2 exf4 16. Qc5 Ng6 17. Nd5 b5 18. gxf4 Nxf4 19. Ne7+ Kh8 20. Rg1 d6
21. Qg5 Ng6 22. Nf5 Qc7 23. Qg3 f6 24. Qxd6 Qxd6 25. Rxd6 Ra7 26. Be2 Nf4 27.
Bf3 g6 28. Ne3 Re7 29. Nd5 Nxd5 30. exd5 Re3 31. Rf1 f5 32. Rb6 f4 33. h4 Kg7
34. d6 h5 35. Kd2 Rf6 36. Bb7 Re8 37. Bxc8 Rxc8 38. Rxa6 Rc5 39. Kd3 Rd5+ 40.
Ke4 Rdxd6 41. Rxd6 Rxd6 42. Rf2 Ra6 43. a3 Ra4+ 44. Kf3 Rd4 45. Re2 Rd1 46. Kxf4
Rh1 47. Kg3 Rg1+ 48. Kf3 Rf1+ 49. Kg2 Rb1 50. b4 Kf6 51. Re3 Kf5 52. Rf3+ Kg4
53. Rg3+ Kxh4 54. Rxg6 Rc1 55. Rc6 Kg4 56. Rc5 h4 57. Kh2 Rd1 58. Rxb5 Rd2+ 59.
Kg1 Rd1+ 60. Kh2 Rd2+ 61. Kg1 Rd1+ 1/2-1/2

[Event "42nd Olympiad 2016"]
[Site "Baku AZE"]
[Date "2016.09.10"]
[Round "8.4"]
[Board "4"]
[White "Meskovs, Nikita"]
[Black "Safarli, Eltaj"]
[Result "0-1"]
[WhiteTitle "IM"]
[BlackTitle "GM"]
[WhiteElo "2476"]
[BlackElo "2688"]
[WhiteTeam "Latvia"]
[BlackTeam "Azerbaijan 1"]
[WhiteFideId "11602740"]
[BlackFideId "13402129"]
[EventDate "2016.09.02"]

1. d4 Nf6 2. c4 e6 3. Nc3 Bb4 4. f3 O-O 5. a3 Bxc3+ 6. bxc3 Nh5 7. Nh3 f5 8. e3
b6 9. Bd3 Ba6 10. O-O Nc6 11. e4 Na5 12. Bg5 Qe8 13. g4 h6 14. Bh4 g5 15. Bf2
fxg4 16. fxg4 Ng7 17. Qe2 d5 18. cxd5 Bxd3 19. Qxd3 exd5 20. exd5 Qd7 21. Bg3
Qxd5 22. Qg6 Nc4 23. Be5 Nxe5 24. dxe5 Qc5+ 25. Kg2 Qxe5 26. Qxh6 Qe2+ 27. Kg1
Qxg4+ 28. Kh1 Qe4+ 29. Kg1 Qh4 30. Qxh4 gxh4 31. Rad1 Rxf1+ 32. Kxf1 Rf8+ 33.
Ke2 Ne6 34. Rg1+ Kf7 35. Rg4 Rh8 36. Ke3 Rh5 37. Nf2 Ke7 38. Nd3 Kd7 39. Rg6 Ra5
40. Rh6 Ke7 41. Nb4 Rxa3 42. Nc6+ Ke8 43. Nxa7 Rxc3+ 44. Kd2 Ra3 45. Nb5 Ra2+
46. Ke3 Kd7 47. Rxh4 Kc6 48. Nc3 Ra5 49. Rh6 Re5+ 50. Kd3 b5 51. Ne4 Kb6 52. h4
Ka5 53. Nf6 c5 54. Kc3 Nf4 55. Rh8 Re3+ 56. Kd2 Re6 57. Rf8 Kb4 58. Ne8 Ng6 59.
Rg8 Nxh4 60. Nc7 Nf3+ 61. Kd1 Re5 62. Rb8 c4 63. Rf8 Re1+ 64. Kc2 Nd4+ 65. Kd2
Re2+ 66. Kd1 c3 0-1

[Event "42nd Olympiad 2016"]
[Site "Baku AZE"]
[Date "2016.09.10"]
[Round "8.5"]
[Board "1"]
[White "Vocaturo, Daniele"]
[Black "Ghaem Maghami, Ehsan"]
[Result "1/2-1/2"]
[WhiteTitle "GM"]
[BlackTitle "GM"]
[WhiteElo "2583"]
[BlackElo "2566"]
[WhiteTeam "Italy"]
[BlackTeam "Iran"]
[WhiteFideId "813192"]
[BlackFideId "12500739"]
[EventDate "2016.09.02"]

1. e4 c6 2. d4 d5 3. e5 Bf5 4. Nf3 e6 5. Be2 Nd7 6. O-O Rc8 7. a4 h6 8. a5 Ne7
9. Nbd2 g5 10. Ne1 c5 11. a6 b6 12. c3 Qc7 13. Bb5 Bg7 14. Qa4 Nc6 15. f4 f6 16.
exf6 Bxf6 17. Ndf3 gxf4 18. Bxf4 Qxf4 19. Bxc6 Rc7 20. Bb5 Kd8 21. Kh1 Qd6 22.
Nd3 Rg8 23. Rae1 h5 24. Bxd7 Qxd7 25. Qd1 cxd4 26. cxd4 h4 27. Nf4 Kc8 28. Qe2
Qd6 29. Ne5 Bxe5 30. dxe5 Qc5 31. Qh5 h3 1/2-1/2

[Event "42nd Olympiad 2016"]
[Site "Baku AZE"]
[Date "2016.09.10"]
[Round "8.5"]
[Board "2"]
[White "Maghsoodloo, Parham"]
[Black "Dvirnyy, Danyyil"]
[Result "1/2-1/2"]
[BlackTitle "GM"]
[WhiteElo "2566"]
[BlackElo "2543"]
[WhiteTeam "Iran"]
[BlackTeam "Italy"]
[WhiteFideId "12539929"]
[BlackFideId "817570"]
[EventDate "2016.09.02"]

1. d4 d5 2. c4 c6 3. Nf3 Nf6 4. e3 Bg4 5. Nc3 e6 6. h3 Bh5 7. g4 Bg6 8. Ne5 Nbd7
9. Nxg6 hxg6 10. Bd2 Bb4 11. Qb3 Bxc3 12. Bxc3 Nxg4 13. Bg2 Nh6 14. Qxb7 O-O 15.
c5 Rc8 16. Qxa7 Nf5 17. O-O-O Nh4 18. Rhg1 Rc7 19. Qa4 Qb8 20. a3 Rfc8 21. Qc2
Ra7 22. Bf1 e5 23. Rg4 Nf5 24. Bd3 e4 25. Bf1 Nf6 26. Rg1 Qh2 27. Rg2 Qc7 28.
Be2 Nh4 29. Rgg1 Qh2 30. Rdf1 Nf3 31. Rh1 Qg2 32. Qd1 Nh2 33. Rhg1 Qxh3 34. Rg3
Qf5 35. Rh1 Nf3 36. Bxf3 exf3 37. Qxf3 Qxf3 38. Rxf3 Nh5 39. Rfh3 f5 40. Bd2 Kf7
41. f3 Re8 42. Kc2 Raa8 43. Kd1 Nf6 44. Rg1 Nd7 45. Bc1 Nf8 46. Rhg3 Re6 47. b4
Rf6 48. Kc2 Ne6 49. f4 Rh8 50. a4 Nc7 51. Bd2 Ra8 52. Ra1 Re6 53. Rgg1 Ree8 54.
Ra2 Ra7 55. Kb3 Rb8 56. Bc3 Re8 57. Rg3 Ra6 58. Ra1 Ra7 59. Kc2 Ra6 60. Kd3 Ra7
61. Rg2 Ra6 62. Rb2 Rea8 63. Rg1 Rxa4 64. Rbg2 Ne6 65. Rxg6 Re8 66. R6g2 Rb8 67.
Rh2 Ra3 68. Rh5 Kf6 69. Kc2 Ra2+ 70. Kd1 Rxb4 71. Bxb4 Ra1+ 72. Ke2 Rxg1 73. Rh8
Rb1 74. Ba5 Ra1 75. Bd8+ Kf7 76. Bb6 Ra2+ 77. Kf3 Ra3 78. Ke2 Ra2+ 79. Kd3 Ra3+
80. Kd2 Ra2+ 81. Kd3 1/2-1/2

[Event "42nd Olympiad 2016"]
[Site "Baku AZE"]
[Date "2016.09.10"]
[Round "8.5"]
[Board "3"]
[White "Brunello, Sabino"]
[Black "Lorparizangeneh, Shahin"]
[Result "1/2-1/2"]
[WhiteTitle "GM"]
[BlackTitle "IM"]
[WhiteElo "2568"]
[BlackElo "2478"]
[WhiteTeam "Italy"]
[BlackTeam "Iran"]
[WhiteFideId "813613"]
[BlackFideId "12521604"]
[EventDate "2016.09.02"]

1. d4 Nf6 2. Nf3 g6 3. Bg5 Bg7 4. c3 O-O 5. Nbd2 d6 6. e3 c5 7. Bd3 Qb6 8. O-O
Be6 9. Qb1 Nc6 10. h3 Rac8 11. Re1 Rfe8 12. Bh4 cxd4 13. exd4 Bd5 14. Bxf6 Bxf6
15. Be4 Bxe4 16. Nxe4 Bg7 17. Re2 Qb5 18. Qf1 Red8 19. h4 e5 20. dxe5 dxe5 21.
Rd1 Rxd1 22. Qxd1 Rd8 23. Rd2 Rxd2 24. Qxd2 Qc4 25. Nfg5 Bh6 26. Qd7 Bxg5 27.
Nxg5 h6 28. b3 Qf4 29. Qc8+ Kg7 30. Ne6+ fxe6 31. Qxb7+ Kf6 32. Qxc6 Qc1+ 33.
Kh2 Qf4+ 34. Kg1 Qc1+ 35. Kh2 Qf4+ 36. Kh3 Qf5+ 37. Kg3 Qf4+ 38. Kh3 Qf5+ 39.
Kg3 Qf4+ 40. Kh3 1/2-1/2

[Event "42nd Olympiad 2016"]
[Site "Baku AZE"]
[Date "2016.09.10"]
[Round "8.6"]
[Board "1"]
[White "Papaioannou, Ioannis"]
[Black "Beliavsky, Alexander G"]
[Result "1-0"]
[WhiteTitle "GM"]
[BlackTitle "GM"]
[WhiteElo "2631"]
[BlackElo "2602"]
[WhiteTeam "Greece"]
[BlackTeam "Slovenia"]
[WhiteFideId "4201345"]
[BlackFideId "14602377"]
[EventDate "2016.09.02"]

1. d4 d5 2. c4 c6 3. cxd5 cxd5 4. Bf4 Nc6 5. e3 Bf5 6. Nc3 Nf6 7. Qb3 Na5 8.
Qa4+ Bd7 9. Qc2 Rc8 10. Nf3 g6 11. Bd3 Bg7 12. O-O O-O 13. Qe2 Bf5 14. Bxf5 gxf5
15. Rac1 Ne4 16. Nxe4 fxe4 17. Ne5 f6 18. Qg4 f5 19. Qg3 Rf6 20. Bg5 Rxc1 21.
Rxc1 Rd6 22. Qf4 Nc6 23. Nxc6 Rxc6 24. Rxc6 bxc6 25. Qxf5 Qd6 26. Qc8+ Kf7 27.
Qb7 a5 28. h3 Qb4 29. Qxc6 Qc4 30. Qb7 Bf6 31. Bxf6 Kxf6 32. Qb6+ e6 33. Qxa5
Qc1+ 34. Kh2 Qxb2 35. Qd8+ Kf7 36. Qd7+ Kf6 37. Qxh7 Qxf2 38. Qh6+ Ke7 39. Qg5+
Kd7 40. Qg7+ Ke8 41. Qh6 Kd7 42. a4 Qa2 43. Qg7+ Ke8 44. Qf6 Kd7 45. Qf7+ Kd6
46. Qa7 Qd2 47. Qb8+ Kd7 48. Qf4 Qa5 49. Qf7+ Kd6 50. h4 Qxa4 51. h5 Qb3 52. h6 1-0

[Event "42nd Olympiad 2016"]
[Site "Baku AZE"]
[Date "2016.09.10"]
[Round "8.6"]
[Board "2"]
[White "Lenic, Luka"]
[Black "Mastrovasilis, Dimitrios"]
[Result "1-0"]
[WhiteTitle "GM"]
[BlackTitle "GM"]
[WhiteElo "2622"]
[BlackElo "2601"]
[WhiteTeam "Slovenia"]
[BlackTeam "Greece"]
[WhiteFideId "14603853"]
[BlackFideId "4202694"]
[EventDate "2016.09.02"]

1. d4 d5 2. c4 c6 3. Nf3 Nf6 4. Nc3 dxc4 5. a4 Bf5 6. Ne5 e6 7. f3 c5 8. e4 Bg6
9. Be3 cxd4 10. Qxd4 Qxd4 11. Bxd4 Nfd7 12. Nxd7 Nxd7 13. Bxc4 a6 14. Rc1 Rc8
15. Na2 Rg8 16. h4 h5 17. Ke2 Rd8 18. Rcd1 Bc5 19. Bc3 Ke7 20. Nc1 Bd6 21. Rd4
Ne5 22. Rxd6 Nxc4 23. Rxd8 Rxd8 24. b3 Nd6 25. Bxg7 Rc8 26. Rd1 f6 27. Bh6 e5
28. Bd2 Ke6 29. Bb4 Nf7 30. Nd3 f5 31. Nc5+ Kf6 32. Rc1 Rd8 33. Ba5 Rg8 34. exf5
Bxf5 35. Kf2 b5 36. Bd2 bxa4 37. bxa4 Rb8 38. Nxa6 Rb2 39. Ke3 Ra2 40. Rc6+ Kg7
41. Nc5 Ra3+ 42. Ke2 e4 43. fxe4 Bg4+ 44. Kf2 Kg8 45. Bf4 1-0

[Event "42nd Olympiad 2016"]
[Site "Baku AZE"]
[Date "2016.09.10"]
[Round "8.6"]
[Board "3"]
[White "Mastrovasilis, Athanasios"]
[Black "Borisek, Jure"]
[Result "0-1"]
[WhiteTitle "GM"]
[BlackTitle "GM"]
[WhiteElo "2555"]
[BlackElo "2558"]
[WhiteTeam "Greece"]
[BlackTeam "Slovenia"]
[WhiteFideId "4201990"]
[BlackFideId "14603152"]
[EventDate "2016.09.02"]

1. d4 Nf6 2. c4 g6 3. Nf3 Bg7 4. e3 O-O 5. Be2 c5 6. d5 d6 7. Nc3 e6 8. O-O Re8
9. e4 exd5 10. exd5 Bg4 11. h3 Bxf3 12. Bxf3 Nbd7 13. Qc2 a6 14. a4 Qc7 15. Bd2
Re7 16. Rae1 Rae8 17. Rxe7 Rxe7 18. Be2 Ne8 19. f4 f5 20. Bf3 Bd4+ 21. Kh2 Be3
22. Bxe3 Rxe3 23. Qf2 Re7 24. Re1 Rxe1 25. Qxe1 Kf8 26. g4 Qb6 27. Qe2 Qb3 28.
gxf5 gxf5 29. Qe6 Qxb2+ 30. Ne2 Ndf6 31. Qxf5 Qb3 32. Kg2 Qxc4 33. a5 Qa2 34.
Qc8 Nxd5 35. Kf2 Nf6 36. Bxb7 Qxa5 37. Bxa6 d5 38. Bd3 Qb6 39. Bf5 Kg7 40. Bc2
Nd6 41. Qa8 c4+ 42. Ke1 d4 43. Qg2+ Kf7 44. Bxh7 Qa5+ 45. Kf2 Nxh7 46. Qc6 Nf6
47. Nxd4 Qd2+ 48. Ne2 Nde4+ 0-1

[Event "42nd Olympiad 2016"]
[Site "Baku AZE"]
[Date "2016.09.10"]
[Round "8.6"]
[Board "4"]
[White "Skoberne, Jure"]
[Black "Halkias, Stelios"]
[Result "0-1"]
[WhiteTitle "GM"]
[BlackTitle "GM"]
[WhiteElo "2562"]
[BlackElo "2565"]
[WhiteTeam "Slovenia"]
[BlackTeam "Greece"]
[WhiteFideId "14604299"]
[BlackFideId "4201809"]
[EventDate "2016.09.02"]

1. d4 Nf6 2. Nf3 e6 3. Bf4 d5 4. e3 Bd6 5. Bg3 O-O 6. Nbd2 c5 7. c3 b6 8. Qb1
Bb7 9. Bd3 Nc6 10. Ne5 Qc7 11. f4 g6 12. O-O Ne7 13. Bh4 Ne8 14. g4 f6 15. Nef3
Ng7 16. Qe1 Nc6 17. g5 f5 18. Qf2 c4 19. Be2 b5 20. Bg3 b4 21. Ne5 bxc3 22. bxc3
Nxe5 23. fxe5 Ba3 24. Rfb1 Bc6 25. Nf3 Qa5 26. Qe1 Rfb8 27. Qd2 Rb6 28. Rxb6
Qxb6 29. Be1 Rb8 30. Qc2 Qb2 31. Qxb2 Bxb2 32. Rb1 Ba4 33. Bd1 Bxd1 34. Rxd1 Ba3
35. Kf2 Ne8 36. Ke2 Nc7 37. Rd2 Rb1 38. Rc2 Nb5 39. Nd2 Ra1 40. Nf3 Kf7 41. h4
a6 42. Bd2 Rb1 43. Be1 Ke8 44. Kf2 a5 45. Nd2 Ra1 46. Nf3 Kf7 47. Ke2 a4 48. Kf2
Ke7 49. Ke2 Ke8 50. Kf2 Kd7 51. Ke2 Kc6 52. Kf2 Rb1 53. Nd2 Ra1 54. Nf3 Bc1 55.
Bd2 Bxd2 56. Nxd2 a3 57. Nf3 Kd7 58. Ne1 Nc7 59. Ke2 Na8 60. Kd2 Nb6 61. Rc1
Rxa2+ 62. Nc2 Rb2 63. Ra1 a2 64. Kc1 Na4 65. Nb4 Rb1+ 66. Rxb1 axb1=Q+ 67. Kxb1
Nxc3+ 68. Kc2 Ne4 69. Na2 Kc6 70. Nc1 Ng3 71. Kd2 Kb5 72. Na2 Ka5 73. Nc3 Kb4
74. Kc2 Ka5 75. Kd2 Ne4+ 76. Nxe4 fxe4 77. Kc3 Ka4 78. Kb2 Kb4 79. Kc2 c3 80.
Kc1 Kb3 81. Kb1 c2+ 82. Kc1 Kc3 83. h5 Kd3 0-1

[Event "42nd Olympiad 2016"]
[Site "Baku AZE"]
[Date "2016.09.10"]
[Round "8.7"]
[Board "1"]
[White "Carlsen, Magnus"]
[Black "Cordova, Emilio"]
[Result "1-0"]
[WhiteTitle "GM"]
[BlackTitle "GM"]
[WhiteElo "2857"]
[BlackElo "2638"]
[WhiteTeam "Norway"]
[BlackTeam "Peru"]
[WhiteFideId "1503014"]
[BlackFideId "3801497"]
[EventDate "2016.09.02"]

1. d4 Nf6 2. c4 e6 3. Nf3 b6 4. g3 Bb7 5. Bg2 Be7 6. O-O O-O 7. Nc3 Ne4 8. Bd2
Bf6 9. Rc1 c5 10. d5 exd5 11. cxd5 Nxd2 12. Nxd2 d6 13. Nde4 Be7 14. f4 f5 15.
Nf2 Ba6 16. a4 Bf6 17. Re1 Nd7 18. e3 Rb8 19. Qc2 g6 20. Nb5 Bxb5 21. axb5 Bg7
22. Bh3 Kh8 23. e4 g5 24. fxg5 f4 25. Bf5 fxg3 26. Nh3 gxh2+ 27. Kh1 Be5 28. Qe2
Rf7 29. Rc2 Rg7 30. Rf1 Qe8 31. Qd3 Nf8 32. Rg2 Ng6 33. Bxg6 Qxg6 34. Nf4 Bxf4
35. Rxf4 Qh5 36. Qc3 Kg8 37. Qf6 Rf7 38. Qe6 Rf8 39. Rgf2 c4 40. g6 Qd1+ 41. Rf1 1-0

[Event "42nd Olympiad 2016"]
[Site "Baku AZE"]
[Date "2016.09.10"]
[Round "8.7"]
[Board "2"]
[White "Cori, Jorge"]
[Black "Hammer, Jon Ludvig"]
[Result "1-0"]
[WhiteTitle "GM"]
[BlackTitle "GM"]
[WhiteElo "2609"]
[BlackElo "2651"]
[WhiteTeam "Peru"]
[BlackTeam "Norway"]
[WhiteFideId "3802272"]
[BlackFideId "1503707"]
[EventDate "2016.09.02"]

1. d4 Nf6 2. c4 e6 3. Nf3 d5 4. Nc3 Bb4 5. cxd5 exd5 6. Bg5 h6 7. Bh4 O-O 8. e3
Bf5 9. Qb3 Bxc3+ 10. bxc3 Nbd7 11. Be2 c5 12. O-O c4 13. Qxb7 Rb8 14. Qa6 Rb2
15. Bd1 Qb6 16. Qxb6 axb6 17. Bxf6 Nxf6 18. Ne5 Ne4 19. Rc1 Ra8 20. Nc6 Kf8 21.
Bf3 Raxa2 22. Bxe4 Bxe4 23. Nb4 Rxb4 24. cxb4 Rb2 25. f3 Bd3 26. Rfe1 Rxb4 27.
e4 dxe4 28. fxe4 Rb2 29. d5 Rd2 30. e5 b5 31. Ra1 Bf5 32. e6 fxe6 33. dxe6 Rd5
34. e7+ 1-0